000 00788nas a2200265 4500
001 BR7304123
003 BR-BrBNA
005 20231205082504.0
007 ta
008 230509b bl.|||p| |||| 00| 00por d
040 _aBR-BrBNA
_bpor
_cBiblioteca Nacional de Agricultura
041 _a(Pt)
072 _aL74
100 1 _aCarvalho, C.B. de
100 1 _aSaraiva, D.
100 1 _aBarros, C.S.L. de
100 1 _aSantos, M.N. dos
245 1 _aToxinfeccao mortal em canino por Clostridium perfringens tipo A [germe]
650 _aDISTURBIO ANIMAL
650 _aCAO
650 _aGERME
773 0 _tRevista do Centro de Ciencias Rurais (Brazil)
_xISSN 0085-5901
_g(Jun 1976), v. 6(2) p. 211-215
_wBR7304123
909 _a202311
_bLúcia
_c55
_dLúcia Elande
942 _2AGRIS
_n0
_cANA
999 _c92249
_d92249